World development report, 1995 : (Record no. 2716)
[ view plain ]
| 000 -LEADER | |
|---|---|
| fixed length control field | 006810000a22001930004500 |
| 005 - DATE AND TIME OF LATEST TRANSACTION | |
| control field | 20240122105058.0 |
| 008 - FIXED-LENGTH DATA ELEMENTS--GENERAL INFORMATION | |
| fixed length control field | 230817t ||||| |||| 00| 0 eng d |
| 020 ## - ISBN | |
| ISBN | 0195211022 |
| 082 ## - DEWEY DECIMAL CLASSIFICATION NUMBER | |
| Classification number | 338.91 |
| Item number | WOR |
| 942 ## - ADDED ENTRY ELEMENTS (KOHA) | |
| Item Type | Reports |
| 110 ## - MAIN ENTRY--CORPORATE NAME | |
| Corporate Name | World bank |
| 245 ## - TITLE STATEMENT | |
| Title | World development report, 1995 : |
| Sub Title | workers in an integrating world |
| 260 ## - PUBLICATION, DISTRIBUTION, ETC. (IMPRINT) | |
| Place of Publication | New York: |
| Name of Publisher | Oxford University, |
| Date of Copyright | 1995 |
| 300 ## - PHYSICAL DESCRIPTION | |
| Extent | ix, 251 p. |
| 440 ## - SERIES STATEMENT/ADDED ENTRY--TITLE | |
| Title | World development indicators |
| 856 ## - ELECTRONIC LOCATION AND ACCESS | |
| Uniform Resource Identifier | <a href="https://documents1.worldbank.org/curated/en/365821468168543533/pdf/148660REPLACEMENT0WDR01995.pdf">https://documents1.worldbank.org/curated/en/365821468168543533/pdf/148660REPLACEMENT0WDR01995.pdf</a> |
| 650 ## - SUBJECT ADDED ENTRY--TOPICAL TERM | |
| Topical Term | Economic development- Developing countries |
| 650 ## - SUBJECT ADDED ENTRY--TOPICAL TERM | |
| Topical Term | Infrastructure (Economics)- Developing countries |
| Withdrawn status | Lost status | Damaged status | Not for loan | Permanent location | Current location | Date acquired | Total Checkouts | Full call number | Barcode | Date last seen | Price effective from | Koha item type |
|---|---|---|---|---|---|---|---|---|---|---|---|---|
| Resource center, Muslim Women's Research And Action Forum | Resource center, Muslim Women's Research And Action Forum | 2023-08-17 | 338.91 WOR | RAF3772 | 2023-08-17 | 2023-08-17 | Reports |

